A quel département alpin s'applique cette affirmation ? - Statistiques

Statistiques générales
  • Ce quiz a été pris 45 fois
  • Le résultat moyen est 18 sur 30
Statistiques - réponses
Hint Réponse % Correct
Sa préfecture est Nice Alpes-Maritimes
95%
Il enserre Monaco Alpes-Maritimes
92%
Sa préfecture est Digne-les-Bains Alpes-de-Haute-Provence
90%
Il porte le numéro 06 Alpes-Maritimes
87%
Sa population est en 2020 de 1 097 410 habitants Alpes-Maritimes
85%
Barcelonnette, Castellane et Forcalquier en sont sous-préfectures Alpes-de-Haute-Provence
82%
Il porte le numéro 04 Alpes-de-Haute-Provence
79%
Il culmine à 4102 mètres Hautes-Alpes
79%
Son altitude va de 470 mètres à plus de 4000 mètres. Hautes-Alpes
77%
Sa préfecture est Gap Hautes-Alpes
77%
Le département a été créé en 1860 Alpes-Maritimes
72%
Briançon est sa sous-préfecture Hautes-Alpes
72%
Grasse est sa sous-préfecture Alpes-Maritimes
69%
Il porte le numéro 05 Hautes-Alpes
69%
On peut y visiter le musée Chagall Alpes-Maritimes
64%
Son principal cours d'eau est la Durance Alpes-de-Haute-Provence
59%
Sa population est en 2020 de 161 451 habitants Alpes-de-Haute-Provence
56%
Sa population est en 2020 de 140 605 habitants Hautes-Alpes
56%
S'y déroule le festival Nuits du sud en juillet Alpes-Maritimes
54%
Le pays des Ecrins est une de ses régions Hautes-Alpes
54%
On peut y visiter le musée Gassendi Alpes-de-Haute-Provence
51%
Il culmine à 3412 mètres Alpes-de-Haute-Provence
49%
Son ensoleillement en 2022 a été de 2248 heures Alpes-Maritimes
44%
Il culmine à 3120 mètres Alpes-Maritimes
41%
On peut y visiter le muséoscope du Lac Hautes-Alpes
38%
S'y déroule le festival Musiqueyras en juillet Hautes-Alpes
36%
On peut y voir le rocher de la Baume Alpes-de-Haute-Provence
33%
Son ensoleillement en 2022 a été de 2652 heures Hautes-Alpes
26%
S'y déroule le festival Parfums d'Italie en mai Alpes-de-Haute-Provence
23%
Son ensoleillement en 2022 a été de 2853 heures Alpes-de-Haute-Provence
21%
Aucun quiz correspondant
Distribution des résultats
% des personnes avec chaque résultat
Percentile par nombre de réponses
Votre historique - résultats
Vous n’avez pas pris ce quiz